00306nam a22001097a 4500041000800000082001500008100002000023245010100043260002600144300000700170650001900177 aENG a275.4bPRA aPrakash Marandi aThe brethren in Christ Church: Their Contributions to the Develpment in Purnia District in Bihar aHyderabadbARRCc2024 a63 aChurch History